000 00697nam a2200217Ia 4500
001 10700
003 GE_BSU
008 181216s||||||||xx |||||||||||||| ||und||
040 _cGE_BSU
080 _a82–93
100 _aფხაკაძე,სერგო
245 _aგზა და გული.
245 _bმოთხრობები ბავშვთათვის.
245 _cრედ.კ.ლორთქიფანიძე;მხატვ.ო.ჯიშკარიანი.
260 _aთბილისი.
260 _bნაკადული.
260 _c1963.
300 _a74გვ;20სმ
653 _aგზა და გული.
942 _cBK
999 _c43951
_d43951